00270nam a2200109Ia 4500008004100000041000800041082001500049100001600064245002600080260003500106300001900141240624s9999 xx 000 0 und d aeng a658.32 BUS aBUSSIN MARK aREMUNERATION HANDBOOK c2011aRandburgbK R Publishing a490 p.; 28 cm.